| 000 | 00823cam a2200265Ia 4500 | ||
|---|---|---|---|
| 001 | u7899 | ||
| 003 | SIRSI | ||
| 005 | 20180220094319.0 | ||
| 008 | 970812s1995 enka b 001 eng d | ||
| 020 | _a0854045066 | ||
| 039 | 9 |
_y200203190947 _zload |
|
| 040 | _aEAL | ||
| 041 | _aeng | ||
| 050 |
_aTP256 _bS26 1995 |
||
| 100 | 1 | _aScott, Keith. | |
| 245 | 1 | 0 |
_aElectrochemical processes for clean technology / _cKeith Scott. |
| 260 |
_aCambridge : _bThe Royal Society of Chemistry, _c1995 |
||
| 300 |
_axiii, 307 p. : _bill. ; _c25 cm. |
||
| 504 | _aIncludes bibliographical references and index. | ||
| 596 | _a1 | ||
| 650 | 0 | _aElectrochemical apparatus. | |
| 650 | 0 | _aElectrochemistry, Industrial. | |
| 942 |
_cBK _2lcc |
||
| 999 |
_c33719 _d33719 |
||